Normal view
MARC view
- المحاسبة المالية - ادارة المعلومات
Entry Topical Term
001 - CONTROL NUMBER
- control field: 28072
003 - CONTROL NUMBER IDENTIFIER
- control field: JO-AjAnu
005 - DATE AND TIME OF LATEST TRANSACTION
- control field: 20230606074748.0
008 - FIXED-LENGTH DATA ELEMENTS
- fixed length control field: 230606|| aca||aabn | a|a d
040 ## - CATALOGING SOURCE
- Original cataloging agency: JO-AjAnu
- Transcribing agency: JO-AjAnu
150 ## - HEADING--TOPICAL TERM
- Topical term or geographic name entry element: المحاسبة المالية - ادارة المعلومات
670 ## - SOURCE DATA FOUND
- Source citation: Work cat.: (JO-AjAnu)14410: تأليف: محسن،صباح رحيمة / م.مشارك: عبد الفتاح ابراهيم زريبة، فتحي احمد الشيباني, author 28071, نظم المعلومات المالية اسسها النظرية وبناء قواعد بياناتها